000 01122nam a2200289 i 4500
001 8953
003 KOSZ 005
005 20200630132819.0
008 070620s1969 pl g 000 0 pol
015 _aPB 1969/6722
040 _aWA N
_cWA N
_dKOSZ 005/RW
041 1 _apol
_hmul
080 _a301+17:335.5
245 0 0 _aMaterializm historyczny, Etyka :
_bmateriały do ćwiczeń z głównych zagadnień filozofii marksistowskiej i teorii rozwoju społecznego /
_cwybór tekstów pod red. Aleksandra Ochockiego, Stefana Sarnowskiego.
260 _aWarszawa :
_bPaństwowe Wydawnictwo Naukowe,
_c1969.
300 _a259, [1] s. ;
_c24 cm.
380 _aKsiążki.
546 _aGł. tł. z różnych jęz.
655 4 _aPodręcznik
650 4 _aEtyka
650 4 _aMaterializm historyczny
700 1 _aOchocki, Aleksander
_d(1942- ).
_eRedakcja
700 1 _aSarnowski, Stefan
_d(1939- )
_eRedakcja
710 2 _aPaństwowe Wydawnictwo Naukowe
_4pbl.
856 _uhttp://koha.tu.koszalin.pl/cgi-bin/koha/opac-detail.pl?biblionumber=8953
_yKatalog online BPK
942 _2UKD
_cKS
999 _c8953
_d8953